Sports Quiz

Random Sports or MLB Quiz

MLB Families by WAR--IMPROVED FORMAT Quiz Stats

Quiz not verified by Sporcle

Challenge
Share
Tweet
Score 0/25 Timer 15:00
0 Plays Today
% Correct
220.1
87%
139.8
56.5%
127.2
31.9%
118.0
29%
91.0
27.5%
81.3
23.2%
105.3
21.7%
89.1
21.7%
70.0
21.7%
105.0
20.3%
101.5
18.8%
101.4
18.8%
126.9
17.4%
% Correct
91.3
17.4%
90.9
17.4%
87.9
17.4%
106.1
15.9%
69.3
15.9%
122.9
14.5%
70.2
14.5%
70.1
14.5%
96.9
13%
79.0
13%
96.8
11.6%
133.0
8.7%

You're not logged in!

Compare scores with friends on all Sporcle quizzes.
Sign Up with Email
OR
Log In

You Might Also Like...

Show Comments

Extras

Top Quizzes Today


Score Distribution

Your Account Isn't Verified!

In order to create a playlist on Sporcle, you need to verify the email address you used during registration. Go to your Sporcle Settings to finish the process.